000 00632nam a2200193 a 4500
001 11494
003 CO-ViMGA
008 141112s2004 ck r 000 u spa d
040 _aCO-ViMGA
_bspa
_cCO-ViMGA
082 0 4 _aA860.4 C61d
100 1 _aCobo Borda, Juan Gustavo
245 1 0 _aDe Sarmiento a Borges
260 _aBogotá,
_cinstituto caro y cuervo,
_c1995
300 _a29 p.
650 1 4 _aBORGES, JORGE LUIS 1899 - 1986, CRITICA E INTERPRETACION
_915964
650 1 4 _aLITERATURA ARGENTINA, HISTORIA Y CRITICA
_952851
650 1 4 _aSARMIENTO DOMINGO FAUSTINO, 1811 - 1888, CRITICA E INTERPRETACION
_915965
942 _2ddc
_cBK
999 _c22689
_d22689